Informe del estado del medio ambiente y de los recursos naturales renovables 2011 (Registro nro. 8479)

Detalles MARC
000 -CABECERA
Campo de control 01320nam a22003257a 4500
005 - FECHA Y HORA DE LA ULTIMA TRANSACCION
Campo de control 20140701100914.0
008 - ELEMENTOS DE LONGITUD FIJA—INFORMACION GENERAL
Campo de control 130709b2013 ck ||||| |||| 00| 0 spa d
022 ## - ISSN
ISSN 23461583
041 ## - IDIOMA
Código de idioma para texto/pista de sonido o título separado Español
044 ## - PAÍS DE PUBLICACIÓN
País de publicación Colombia
082 ## - NUMERO DE CLASIFICACION DECIMAL DEWEY
Número de clasificación 333.707
Número del ítem c718i
245 10 - MENCION DE TITULO
Título Informe del estado del medio ambiente y de los recursos naturales renovables 2011
260 ## - PUBLICACION, DISTRIBUCION, ETC. (PIE DE IMPRENTA)
Lugar de publicación, distribución, etc. Bogotá
Nombre del editor, distribuidor, etc. Instituto de Hidrología, Meteorología y Estudios Ambientales -IDEAM
Fecha de publicación, distribución, etc. 2013
300 ## - DESCRIPCION FISICA
Extensión v.
Otros detalles físicos il., mapas.
Dimensiones 29 cms.
505 ## - NOTA DE CONTENIDO
Nota de contenido Tomo 1 Impacto del clima en Colombia y cambio climático global
505 ## - NOTA DE CONTENIDO
Nota de contenido Tomo 2 Estado de la biodiversidad, de los ecosistemas continentales, marrnos, costeros y avances en el conocimiento
505 ## - NOTA DE CONTENIDO
Nota de contenido Tomo 3 Contaminación del aire y agua en Colombia e impactos sobre la salud
650 6# - ASIENTO SECUNDARIO DE MATERIA - TERMINO TEMATICO
Término temático o nombre geográfico como elemento de entrada Recursos Naturales
Subdivisión de forma informes
Subdivisión geográfica Colombia
650 6# - ASIENTO SECUNDARIO DE MATERIA - TERMINO TEMATICO
Término temático o nombre geográfico como elemento de entrada Medio Ambiente
Subdivisión de forma informes
Subdivisión geográfica Colombia
650 6# - ASIENTO SECUNDARIO DE MATERIA - TERMINO TEMATICO
Término temático o nombre geográfico como elemento de entrada Política Ambiental
Subdivisión de forma informes
Subdivisión geográfica Colombia
650 6# - ASIENTO SECUNDARIO DE MATERIA - TERMINO TEMATICO
Término temático o nombre geográfico como elemento de entrada Cambio climático
Subdivisión cronológica Colombia
650 6# - ASIENTO SECUNDARIO DE MATERIA - TERMINO TEMATICO
Término temático o nombre geográfico como elemento de entrada Ecosistemas
Subdivisión cronológica Colombia
650 6# - ASIENTO SECUNDARIO DE MATERIA - TERMINO TEMATICO
Término temático o nombre geográfico como elemento de entrada Contaminación
Subdivisión geográfica Colombia
Subdivisión general aire
-- agua
710 ## - ASIENTO SECUNDARIO - NOMBRE CORPORATIVO
Nombre corporativo o de jurisdicción como elemento de entrada IDEAM
710 ## - ASIENTO SECUNDARIO - NOMBRE CORPORATIVO
Nombre corporativo o de jurisdicción como elemento de entrada Instituto Humboldt
710 ## - ASIENTO SECUNDARIO - NOMBRE CORPORATIVO
Nombre corporativo o de jurisdicción como elemento de entrada Invemar
710 ## - ASIENTO SECUNDARIO - NOMBRE CORPORATIVO
Nombre corporativo o de jurisdicción como elemento de entrada IIAP
710 ## - ASIENTO SECUNDARIO - NOMBRE CORPORATIVO
Nombre corporativo o de jurisdicción como elemento de entrada Instituto Sinchi
942 ## - ELEMENTOS ADICIONALES (KOHA)
Sistema de clasificación Dewey Decimal Classification
Tipo de ítem Impreso
Koha issues (borrowed), all copies 1
Existencias
Withdrawn status Lost status Sistema de Clasificación Damaged status No para préstamo Colección Inventariado Ubicación Permanente Ubicación actual Fecha de adquisición Fuente de Valor Valor Total Checkouts Número topográfico Inventario / Código de Barras Date last seen Ejemplar Price effective from Forma de adquisición Tipo de material
    Dewey Decimal Classification     General Inventariado 2017 Bogotá Bogotá 01/07/2014 Instituto 39000.00   LB-333.707 c718i2 038111 01/07/2014 v. 1 Ej. 1 01/07/2014 Canje Libro
    Dewey Decimal Classification     General Inventariado 2017 Bogotá Bogotá 01/07/2014 Instituto 39000.00   LB-333.707 c718i2 038112 01/07/2014 v. 2 Ej. 1 01/07/2014 Canje Libro
    Dewey Decimal Classification     General Inventariado 2017 Bogotá Bogotá 01/07/2014 Instituto 39000.00   LB-333.707 c718i2 038113 01/07/2014 v. 3 Ej. 1 01/07/2014 Canje Libro
    Local     Audiovisual   Bogotá Bogotá 07/02/2017       MM-00369 038328 07/02/2017 Ej. 1 07/02/2017 Donación CD-ROM